000 00294nam a22001337a 4500
008 170628b xxu||||| |||| 00| 0 eng d
020 _a9780393962901
041 _aeng
080 _26TH
_a821
100 _a21
101 _aGJL
245 _aENGLISH LITERATURE
_cABRAMS, M.H
942 _2udc
_cBK
999 _c19331
_d19331